[Event "GrandMasters Battle Tournament"]
[Site "Mustafa Kemal Atatürk"]
[Date "2020.06.26"]
[Round "1"]
[White "Jitanu"]
[Black "Choppers"]
[Result "1-0"]
[WhiteElo "1620"]
[BlackElo "1923"]
[Annotator "TA"]
[PlyCount "81"]
[EventDate "2020.06.26"]
[EventType "swiss (rapid)"]

{[%evp 28,81,26,25,12,-16,0,0,0,0,29,43,39,28,132,141,141,55,56,0,0,0,0,0,0,0,0,0,0,0,0,0,0,0,0,0,0,0,8,0,139,120,143,147,175,183,160,165,384,389,367,358,419,335,439,428]} 1. d4 Nf6 2. c4 e6 3. Nc3 Bb4 4. e3 O-O 5. Bd3 c5 6. Nf3 d5 7. O-O dxc4 8. Bxc4 cxd4 9. exd4 b6 10. Re1 Bb7 11. Bd3 Nc6 12. a3 Be7 13. Bc2 Nd5 14. Qd3 g6 15. Bh6 Re8 {D42: Queen's Gambit Declined: Semi-Tarrasch: 5 cxd5 Nxd5 6 e3 Nc6 7 Bd3 .} 16. h4 {[#]} Bf6 $146 ({Predecessor:} 16... Nxc3 17. bxc3 Bf6 18. Rab1 Rc8 19. h5 Ne7 20. Bd2 Qd5 21. hxg6 hxg6 22. Qe3 Qh5 23. Nh2 {0-1 (40) Shyam,S (2403)-Bindrich,F (2516) Puerto Madryn 2009}) 17. h5 Nxc3 {The position is equal.} 18. bxc3 Qd5 19. hxg6 hxg6 20. Qd2 Rad8 (20... Qh5 $11 {remains equal.}) 21. Qf4 $16 Bg7 22. Bxg7 (22. Ng5 $16 Rd7 23. Qh2) 22... Kxg7 $14 23. Be4 ({Better is} 23. Ng5 $14 f6 24. Nh7 (24. Ne4 Qf5 $11)) 23... Qd6 $1 $11 {[%cal Rd6f4]} 24. Ne5 Nxe5 25. dxe5 Qe7 26. Qf6+ Kg8 27. Bxb7 Qxb7 28. Rad1 $36 {[%mdl 2048] White is pushing.} Rxd1 (28... Rd5 {is more complex.} 29. Rxd5 Qxd5 30. Re3 Qd8 31. Qf4 Qd1+) 29. Rxd1 {[%mdl 4096] Endgame KQR-KQR} Qe7 30. a4 Qxf6 31. exf6 {KR-KR} e5 32. Rd7 a5 33. Re7 Kf8 (33... Rc8 $11) 34. Rb7 $16 Rc8 35. Rxb6 Ke8 36. Rb5 Rxc3 37. Rxe5+ Kd7 $2 {[#]} (37... Kd8 {was called for.} 38. Rxa5 Rc6 39. Ra8+ Kd7) 38. Re7+ $1 $18 Kd6 39. Rxf7 Rc4 40. Ra7 Ke6 41. f7 {Accuracy: White = 80%, Black = 61%.} 1-0

[Event "GrandMasters Battle Tournament"]
[Site "Mustafa Kemal Atatürk"]
[Date "2020.06.26"]
[Round "2"]
[White "Choppers"]
[Black "Jitanu"]
[Result "1-0"]
[WhiteElo "1923"]
[BlackElo "1842"]
[Annotator "TA"]
[PlyCount "75"]
[EventDate "2020.06.26"]
[EventType "swiss (rapid)"]

{[%evp 15,75,22,22,11,29,11,27,6,8,20,16,10,9,5,13,0,0,-5,37,39,45,9,0,-3,2,10,10,11,14,0,15,0,0,0,0,0,0,0,0,0,17,0,10,2,12,10,13,11,10,10,16,8,18,12,14,14,16,11,85,85,533,519]} 1. d4 d5 2. c4 e6 3. Nc3 c6 4. e3 Nf6 5. Nf3 Ne4 6. Qc2 f5 7. Be2 Bd6 8. O-O Nd7 9. b3 {[#] A85: Dutch Defence: 2 c4 Nf6 3 Nc3.} Qf6 $146 ({Predecessor:} 9... O-O 10. Bb2 Qf6 11. a4 Rf7 12. Ba3 Bb8 13. cxd5 Nxc3 14. Qxc3 exd5 15. b4 g5 16. Rac1 g4 17. Nd2 Bxh2+ 18. Kxh2 Qh4+ 19. Kg1 Rf6 20. Bxg4 fxg4 21. f4 Rh6 22. Rfd1 Nf6 {0-1 (22) Basel,M (1989)-Oehrlein,T (2108) Bayern 2016}) 10. a4 a5 11. Ba3 {White has an edge.} Bxa3 12. Rxa3 O-O 13. Raa1 b6 14. cxd5 exd5 15. Rab1 Bb7 16. Rfc1 Nxc3 17. Qxc3 f4 18. b4 axb4 19. Rxb4 fxe3 20. Qxe3 Rae8 21. Qd2 Ba8 22. Rb2 c5 23. Bb5 Bc6 24. a5 Bxb5 25. Rxb5 {[%cal Rd4c5]} Qc6 26. Rcb1 {[%cal Ra5b6]} bxa5 27. dxc5 Nxc5 28. Rb6 Qd7 29. Qxa5 Ne4 30. Rb7 Qf5 31. Qa7 Qg6 {[#] ...Rxf3 is the strong threat.} 32. R1b6 Rf6 33. h3 Rxb6 34. Rxb6 $40 {[%mdl 128] White has some attack.} Qf7 35. Rb7 Qf6 36. Rd7 Ng5 {[#]} (36... Nc3 $11 {remains equal.}) 37. Nxg5 $1 $16 Re1+ $2 {[%mdl 8192]} (37... Qxg5 $16 38. Qa2 Qc1+ 39. Kh2 Qc4) 38. Kh2 {Accuracy: White = 95%, Black = 75%.} 1-0

[Event "GrandMasters Battle Tournament"]
[Site "Mustafa Kemal Atatürk"]
[Date "2020.06.26"]
[Round "3"]
[White "Jitanu"]
[Black "Choppers"]
[Result "1/2-1/2"]
[WhiteElo "1784"]
[BlackElo "1970"]
[Annotator "NA"]
[PlyCount "80"]
[EventDate "2020.06.26"]
[EventType "swiss (rapid)"]

1. d4 {[%emt 0:00:03]} Nf6 {[%emt 0:00:02]} 2. c4 {[%emt 0:00:02]} e6 {[%emt 0:00:02]} 3. Nc3 {[%emt 0:00:01]} Bb4 {[%emt 0:00:08]} 4. e3 {[%emt 0:00:02]} O-O {[%emt 0:00:01]} 5. Bd3 {[%emt 0:00:09]} c5 {[%emt 0:00:01]} 6. Nf3 {[%emt 0:00:01]} d5 {[%emt 0:00:02]} 7. O-O {[%emt 0:00:01]} cxd4 {[%emt 0:00:01]} 8. exd4 {[%emt 0:00:01]} dxc4 {[%emt 0:00:01]} 9. Bxc4 {[%emt 0:00:00]} b6 {[%emt 0:00:01]} 10. a3 {[%emt 0:00:45] Choppers reconnected.} Bxc3 {[%emt 0:00:42]} 11. bxc3 {[%emt 0:00:00]} Qc7 {[%emt 0:01:28]} 12. Bb3 {[%emt 0:00:46]} Ba6 {[%emt 0:00:56]} 13. Re1 {[%emt 0:00:12]} Qxc3 {[%emt 0:01:53]} 14. Bd2 {[%emt 0:00:54]} Qc7 {[%emt 0:01:40]} 15. Rc1 {[%emt 0:00:07]} Qb7 {[%emt 0:01:33]} 16. Ne5 {[%emt 0:00:49]} Nd5 {[%emt 0:00:13]} 17. Qg4 {[%emt 0:00:49]} Bb5 {[%emt 0:02:09]} 18. Nxf7 {[%emt 0:01:29]} Qxf7 {[%emt 0:03:43]} 19. Qxe6 {[%emt 0:00:09]} Qxe6 {[%emt 0:00:07]} 20. Rxe6 {[%emt 0:00:03]} Rd8 {[%emt 0:00:02]} 21. Re5 {[%emt 0:03:09]} Bc6 {[%emt 0:00:18]} 22. Bg5 {[%emt 0:00:07]} Nd7 {[%emt 0:01:23]} 23. Rxc6 {[%emt 0:00:53]} Nxe5 {[%emt 0:00:01]} 24. dxe5 {[%emt 0:00:00]} Kf8 {[%emt 0:00:22]} 25. Bxd8 {[%emt 0:00:38]} Rxd8 {[%emt 0:00:00]} 26. g3 {[%emt 0:00:06]} Ne7 {[%emt 0:00:34]} 27. Rc3 {[%emt 0:00:33]} Ng6 {[%emt 0:01:29]} 28. f4 {[%emt 0:00:30]} Ne7 {[%emt 0:00:02]} 29. Be6 {[%emt 0:00:30]} Rd1+ {[%emt 0:00:50]} 30. Kf2 {[%emt 0:00:39]} Rd2+ {[%emt 0:00:09]} 31. Ke3 {[%emt 0:00:10]} Rxh2 {[%emt 0:00:01]} 32. f5 {[%emt 0:00:45]} Rh1 {[%emt 0:00:01]} 33. Rc7 {[%emt 0:00:18]} Re1+ {[%emt 0:00:03]} 34. Kf4 {[%emt 0:00:05]} h6 {[%emt 0:00:41]} 35. Rxa7 {[%emt 0:00:40]} g5+ {[%emt 0:00:03]} 36. fxg6 {[%emt 0:00:17]} Nxg6+ {[%emt 0:00:01]} 37. Kf5 {[%emt 0:00:01]} Ne7+ {[%emt 0:00:01]} 38. Kf4 {[%emt 0:01:08]} Ng6+ {[%emt 0:00:01]} 39. Kf5 {[%emt 0:00:23]} Ne7+ {[%emt 0:00:01]} 40. Kf4 {[%emt 0:00:02]} Ng6+ {[%emt 0:00:01] (Lag: Av=2.54s, max=64.5s)} 1/2-1/2

[Event "GrandMasters Battle Tournament"]
[Site "Mustafa Kemal Atatürk"]
[Date "2020.06.26"]
[Round "4"]
[White "Choppers"]
[Black "Jitanu"]
[Result "1-0"]
[WhiteElo "1942"]
[BlackElo "1820"]
[Annotator "NA"]
[PlyCount "99"]
[EventDate "2020.06.26"]
[EventType "swiss (rapid)"]

1. d4 {[%emt 0:00:01]} Nf6 {[%emt 0:00:03]} 2. c4 {[%emt 0:00:01]} c5 {[%emt 0:00:03]} 3. d5 {[%emt 0:00:01]} e5 {[%emt 0:00:01]} 4. Nc3 {[%emt 0:00:06]} d6 {[%emt 0:00:02]} 5. e4 {[%emt 0:00:02]} Be7 {[%emt 0:00:01]} 6. Bd3 {[%emt 0:00:28]} O-O {[%emt 0:00:08]} 7. Nge2 {[%emt 0:00:18]} Nh5 {[%emt 0:00:48]} 8. h4 {[%emt 0:00:14]} a6 {[%emt 0:01:56]} 9. a4 {[%emt 0:00:27]} Nd7 {[%emt 0:00:38]} 10. g3 {[%emt 0:02:22]} g6 {[%emt 0:01:10]} 11. Bh6 {[%emt 0:00:03]} Ng7 {[%emt 0:00:03]} 12. Qd2 {[%emt 0:00:05]} Nf6 {[%emt 0:00:02]} 13. f3 {[%emt 0:00:07]} Kh8 {[%emt 0:00:03]} 14. Kd1 {[%emt 0:02:15]} Ng8 {[%emt 0:00:06]} 15. Be3 {[%emt 0:00:01]} f5 {[%emt 0:00:13]} 16. h5 {[%emt 0:00:32]} gxh5 {[%emt 0:00:19]} 17. Kc2 {[%emt 0:00:26]} Bd7 {[%emt 0:00:26]} 18. exf5 {[%emt 0:00:59]} Bxf5 {[%emt 0:00:32]} 19. Raf1 {[%emt 0:00:04]} Qd7 {[%emt 0:01:03]} 20. g4 {[%emt 0:00:03]} Bxd3+ {[%emt 0:01:14]} 21. Qxd3 {[%emt 0:00:00]} Rf7 {[%emt 0:00:01]} 22. Ng3 {[%emt 0:00:35]} Raf8 {[%emt 0:04:03]} 23. Nxh5 {[%emt 0:00:16]} Nxh5 {[%emt 0:00:01]} 24. Rxh5 {[%emt 0:00:01]} Bd8 {[%emt 0:00:01]} 25. Rfh1 {[%emt 0:00:33]} Rg7 {[%emt 0:00:44]} 26. R5h3 {[%emt 0:01:23]} Rff7 {[%emt 0:01:22]} 27. Kb1 {[%emt 0:00:52]} Bg5 {[%emt 0:00:32]} 28. Bxg5 {[%emt 0:01:44]} Rxg5 {[%emt 0:00:03]} 29. Ne4 {[%emt 0:00:00]} Rgg7 {[%emt 0:00:11]} 30. Ng3 {[%emt 0:00:13]} Qxa4 {[%emt 0:02:24]} 31. Nf5 {[%emt 0:01:05]} Qd7 {[%emt 0:00:03]} 32. Nxg7 {[%emt 0:00:10]} Rxg7 {[%emt 0:00:00]} 33. g5 {[%emt 0:00:09]} b5 {[%emt 0:00:11]} 34. cxb5 {[%emt 0:02:58]} axb5 {[%emt 0:00:04]} 35. f4 {[%emt 0:00:39]} exf4 {[%emt 0:00:52]} 36. Qe4 {[%emt 0:00:04]} Qf7 {[%emt 0:00:30]} 37. Rf1 {[%emt 0:01:17]} Rxg5 {[%emt 0:00:22]} 38. Rxf4 {[%emt 0:00:11]} Qg6 {[%emt 0:00:49]} 39. Qxg6 {[%emt 0:00:16]} Rxg6 {[%emt 0:00:00]} 40. Rf7 {[%emt 0:00:04]} Rg7 {[%emt 0:00:07]} 41. Rf8 {[%emt 0:00:06]} Rg5 {[%emt 0:00:01]} 42. Rd8 {[%emt 0:00:05]} Kg7 {[%emt 0:00:18]} 43. Rd7+ {[%emt 0:00:02]} Kf6 {[%emt 0:00:02]} 44. Rxd6+ {[%emt 0:00:11]} Ke5 {[%emt 0:00:01]} 45. Rd8 {[%emt 0:00:03]} Nf6 {[%emt 0:00:05]} 46. d6 {[%emt 0:00:12]} Rg1+ {[%emt 0:00:25]} 47. Ka2 {[%emt 0:00:35]} Nd5 {[%emt 0:00:16]} 48. Rh5+ {[%emt 0:00:33]} Ke6 {[%emt 0:00:19]} 49. Rh6+ {[%emt 0:00:01]} Ke5 {[%emt 0:00:01]} 50. Re8+ {[%emt 0:00:02] Jitanu resigns (Lag: Av=0.97s, max=1.8s)} 1-0

[Event "GrandMasters Battle Tournament"]
[Site "Mustafa Kemal Atatürk"]
[Date "2020.06.27"]
[Round "5"]
[White "Jitanu"]
[Black "Choppers"]
[Result "1/2-1/2"]
[WhiteElo "1775"]
[BlackElo "1978"]
[Annotator "TA"]
[PlyCount "132"]
[EventDate "2020.06.27"]
[EventType "swiss (rapid)"]

{[%evp 23,132,0,0,0,0,0,14,14,29,11,15,25,17,26,23,18,55,51,49,23,148,144,157,157,170,162,186,170,177,70,89,97,80,58,59,72,162,173,323,325,323,266,435,210,220,213,216,204,446,418,854,556,531,531,531,531,524,517,524,469,435,64,75,87,54,48,56,30,293,273,255,153,227,0,246,169,168,164,169,0,26,0,169,157,160,85,81,19,47,24,16,16,24,28,37,24,87,91,102,0,0,0,0,0,6,0,0,0,0,0,0]} 1. d4 Nf6 2. c4 e6 3. Nc3 Bb4 4. e3 O-O 5. Bd3 c5 6. Nf3 d5 7. O-O dxc4 8. Bxc4 cxd4 9. exd4 b6 10. Bg5 Bb7 11. Qe2 Bxc3 12. bxc3 Nbd7 13. Bb5 {13.Rac1 is setting a new trend. E54: Nimzo-Indian: Rubinstein: Main Line: 7...dxc4 8 Bxc4.} Qc7 14. Rfc1 h6 15. Bh4 Nh5 16. Qe3 Ndf6 {[#]} 17. Ne5 $146 ({Predecessor:} 17. Bxf6 Nxf6 18. Ne5 Rac8 19. Bd3 {½-½ (19) Bourgault,P (2109)-Epiney,F (2042) IECG email 2002}) 17... Nd5 18. Qe1 Ndf4 19. f3 Qd6 20. Bf1 Rac8 21. a4 {[%cal Ba2a4,Ba4a5][%mdl 32]} Bd5 (21... f6 $11 22. Ng4 Bc6) 22. c4 $16 Bb7 23. Bf2 f6 24. Ng4 Rfe8 25. a5 e5 26. dxe5 (26. d5 $1 $18) 26... fxe5 $14 27. axb6 axb6 28. Rcb1 e4 29. Rxb6 {[%mdl 64] Double Attack} Qd7 (29... Bc6 $16 30. fxe4 Qg6) 30. Qd1 $36 {[%mdl 2048] White has strong initiative.} Qe7 (30... Bc6 {was called for.}) 31. Ra7 Rc7 32. g3 Ne6 $2 (32... exf3 33. gxf4 Nxf4) 33. Qd6 (33. fxe4 $142 Rf8 34. Nxh6+ $1 {[%mdl 512]} gxh6 35. Qxh5) 33... Qxd6 34. Rxd6 {aiming for Bb6.} exf3 {[#]} 35. c5 $1 {[%mdl 512]} Kh8 $2 (35... Ng5 36. Bc4+ Kh8) (35... Nxc5 36. Bxc5) 36. Ne5 Nd8 (36... Nxc5 $142 37. Bxc5 Rxc5) 37. Bd4 Nf6 38. Bb5 f2+ 39. Kf1 Rg8 40. Ng6+ Kh7 41. Bd3 {Threatens to win with Nf8+.} Be4 42. Rxc7 $2 (42. Bxe4 $18 {White wants to mate with Rxf6!} Nxe4 43. Rxc7 Nxd6 {[#]} 44. Nf8+ $1 {[%mdl 576] Deflection, Zwischenzug} Rxf8 45. Rxg7+ (45. cxd6 Ne6 $11) 45... Kh8 46. Re7+ Kg8 47. cxd6) 42... Bxd3+ $14 43. Kxf2 Ne4+ {[%mdl 64] Double Attack} 44. Ke3 {Intending Nf8+! and mate.} Nxd6 {[#]} 45. Nf8+ $1 {[%mdl 512]} Kh8 $2 {[%mdl 8192]} (45... Rxf8 $11 {and Black stays safe.} 46. Rxg7+ (46. cxd6 Ne6 $11) 46... Kh8 47. cxd6 (47. Kxd3 Nf5 $11) 47... Bf1) 46. cxd6 $18 Bf5 47. Kf4 Bd3 (47... Bh3 $16) 48. Ke3 Bf5 $1 49. g4 {[%mdl 64] Deflection} Bxg4 50. Ng6+ Kh7 51. Nf8+ (51. Ne5 $18 Bf5 52. Re7) 51... Kh8 $11 52. Ng6+ (52. Ke4 $11) 52... Kh7 $18 53. Nf4 h5 54. h4 ({White should play} 54. Ke4) 54... Kh6 55. Be5 (55. d7 $16) 55... g5 $11 56. hxg5+ (56. Nd5 $5 {[%cal Rd5f6]} Ne6 57. Rc6 gxh4 58. d7 $16) 56... Kxg5 57. Nd5 Ne6 58. Re7 Ra8 59. d7 {Black must now prevent Re8.} Ra3+ (59... Nc5 $11) 60. Kf2 $16 Ra2+ 61. Ke1 ({White should try} 61. Kg1 $16 Nd8 62. Bf6+ Kh6 63. Re8 Bxd7 64. Rxd8) 61... Re2+ $11 {[%mdl 64] Double Attack. The position is equal.} 62. Kf1 {Threatening mate with Rxe6!} Rxe5 {[#]} 63. Rxe6 $1 {[%mdl 512]} Rf5+ (63... Rxd5 $5 64. Re5+ $8 Rxe5 65. d8=Q+ Kf5 $11) (63... Rxe6 64. d8=Q+) 64. Kg1 Rxd5 {[#]} 65. Re5+ $1 {[%mdl 512]} Rxe5 66. d8=Q+ Kg6 {Accuracy: White = 65%, Black = 58%.} 1/2-1/2

[Event "GrandMasters Battle Tournament"]
[Site "Mustafa Kemal Atatürk"]
[Date "2020.06.27"]
[Round "6"]
[White "Choppers"]
[Black "Jitanu"]
[Result "0-1"]
[WhiteElo "1952"]
[BlackElo "1809"]
[Annotator "TA"]
[PlyCount "62"]
[EventDate "2020.06.27"]
[EventType "swiss (rapid)"]

{[%evp 13,62,19,23,27,21,21,12,19,21,21,21,21,26,27,17,0,0,0,31,22,32,0,-4,-43,-6,-24,-20,-84,-50,-99,-53,-43,-42,-269,-266,-768,-763,-751,-734,-743,-766,-762,-752,-758,-756,-742,-735,-750,-745,-1075,-1062]} 1. d4 Nf6 2. c4 e6 3. Nf3 d5 4. Nc3 c6 5. e3 a6 6. Qc2 c5 7. cxd5 exd5 8. Be2 {D45: Semi-Slav: 5 e3.} Nc6 9. O-O Be6 {9...cxd4 is not played anymore.} 10. Rd1 {The position is equal.} Nb4 11. Qb1 Qc8 12. Bd2 Bf5 13. Qc1 c4 14. Ne5 Bd6 15. b3 b5 16. bxc4 bxc4 {[#]} 17. Bf3 $146 (17. Qa3 $5 {[%cal Re3e4]}) ({Predecessor:} 17. a3 Nc6 18. Nxd5 Bxe5 19. Qxc4 Be6 20. Nxf6+ Bxf6 21. d5 Ne5 22. Qa2 Bg4 23. f3 {1-0 (56) Wang,Y (2716)-Rublevsky,S (2688) Ningbo 2010}) 17... Qe6 $1 18. Nxc4 dxc4 19. Bxa8 O-O {[#] Strongly threatening ...Nd3.} 20. e4 (20. Bf3 $11 {keeps the balance.}) 20... Nd3 $17 21. Qc2 $1 ({Much worse is} 21. exf5 Qxf5 22. Bf3 Nxc1 $17) 21... Rxa8 22. exf5 Qxf5 23. Be3 $2 {This move loses the game for White.} (23. f3 $1 $15) 23... Ng4 $19 24. Qe2 $2 (24. g3 Qh5 25. h4 Bxg3 {[%mdl 64] Deflection} 26. fxg3 Nxe3 {[%mdl 64] Discovered Attack} 27. Qe2 Qxe2 28. Nxe2) 24... Bxh2+ {Black is clearly winning.} 25. Kf1 Bg3 {[#] Hoping for ...Re8!} 26. Kg1 Ndxf2 {( -> ...Re8!)} 27. Qf3 Qxf3 28. gxf3 Nxe3 29. Rd2 Nd3 30. Rb1 Rd8 31. Rb6 Be1 {Accuracy: White = 62%, Black = 91%.} 0-1

[Event "GrandMasters Battle Tournament"]
[Site "Mustafa Kemal Atatürk"]
[Date "2020.06.27"]
[Round "7"]
[White "Jitanu"]
[Black "Choppers"]
[Result "1/2-1/2"]
[WhiteElo "1894"]
[BlackElo "1886"]
[Annotator "NA RC"]
[PlyCount "132"]
[EventDate "2020.06.27"]
[EventType "swiss (rapid)"]

1. d4 {[%emt 0:00:03]} Nf6 {[%emt 0:00:01]} 2. c4 {[%emt 0:00:01]} e6 {[%emt 0:00:01]} 3. Nc3 {[%emt 0:00:01]} Bb4 {[%emt 0:00:01]} 4. e3 {[%emt 0:00:01]} O-O {[%emt 0:00:02]} 5. Bd3 {[%emt 0:00:03]} c5 {[%emt 0:00:01]} 6. Nf3 {[%emt 0:00:04]} d5 {[%emt 0:00:01]} 7. O-O {[%emt 0:00:02]} dxc4 {[%emt 0:00:01]} 8. Bxc4 {[%emt 0:00:01]} cxd4 {[%emt 0:00:01]} 9. exd4 {[%emt 0:00:01]} b6 {[%emt 0:00:01]} 10. Bg5 {[%emt 0:00:03]} Bb7 {[%emt 0:00:01]} 11. Qe2 {[%emt 0:00:01]} Bxc3 {[%emt 0:00:06]} 12. bxc3 {[%emt 0:00:02]} Nbd7 {[%emt 0:00:01]} 13. Bb5 {[%emt 0:00:02]} Qc7 {[%emt 0:00:07]} 14. Rfc1 {[%emt 0:00:04]} a6 {[%emt 0:00:09]} 15. Bd3 {[%emt 0:00:39]} h6 {[%emt 0:00:16]} 16. Bh4 {[%emt 0:01:20]} Nh5 {[%emt 0:00:04]} 17. Qe3 {[%emt 0:01:30]} Qf4 {[%emt 0:00:03]} 18. Bg3 {[%emt 0:02:19]} Qxe3 {[%emt 0:00:06]} 19. fxe3 {[%emt 0:00:00]} Nxg3 {[%emt 0:00:02]} 20. hxg3 {[%emt 0:00:00]} Rfc8 {[%emt 0:02:02]} 21. a4 {[%emt 0:00:57]} Rc7 {[%emt 0:01:04]} 22. c4 {[%emt 0:01:15]} a5 {[%emt 0:01:14]} 23. Nd2 {[%emt 0:00:56]} Rac8 {[%emt 0:00:34]} 24. Rcb1 {[%emt 0:00:20]} Kf8 {[%emt 0:00:50]} 25. Rb2 {[%emt 0:00:23]} Ke7 {[%emt 0:00:04]} 26. Be2 {[%emt 0:00:06]} Ba6 {[%emt 0:05:45]} 27. Kf2 {[%emt 0:00:40]} Bb7 {[%emt 0:00:51]} 28. Ra3 {[%emt 0:01:46]} Bc6 {[%emt 0:00:28]} 29. Bf3 {[%emt 0:00:18]} Rb8 {[%emt 0:00:56]} 30. Rb1 {[%emt 0:01:19]} Rbc8 {[%emt 0:00:05]} 31. Rd1 {[%emt 0:00:08]} Bb7 {[%emt 0:00:54]} 32. Bxb7 {[%emt 0:00:06]} Rxb7 {[%emt 0:00:01]} 33. Rb1 {[%emt 0:00:01]} Rbc7 {[%emt 0:00:12]} 34. Ke2 {[%emt 0:00:07]} Rc6 {[%emt 0:00:13]} 35. Rab3 {[%emt 0:00:04]} Kd8 {[%emt 0:00:42]} 36. Rb5 {[%emt 0:00:41]} Kc7 {[%emt 0:00:47]} 37. g4 {[%emt 0:00:22]} Re8 {[%emt 0:00:21]} 38. c5 {[%emt 0:02:29]} bxc5 {[%emt 0:02:40]} 39. Rxa5 {[%emt 0:00:04]} Rc8 {[%emt 0:00:38]} 40. Ra7+ {[%emt 0:03:00]} Kd8 {[%emt 0:00:01]} 41. Rbb7 {[%emt 0:00:02]} R6c7 {[%emt 0:00:01]} 42. Rxc7 {[%emt 0:00:26]} Rxc7 {[%emt 0:00:00]} 43. Rxc7 {[%emt 0:00:01]} Kxc7 {[%emt 0:00:00]} 44. Ne4 {[%emt 0:00:01]} cxd4 {[%emt 0:00:05]} 45. exd4 {[%emt 0:00:00]} Nb6 {[%emt 0:00:14]} 46. a5 {[%emt 0:00:09]} Nc4 {[%emt 0:00:02]} 47. a6 {[%emt 0:00:04]} Kb6 {[%emt 0:00:20]} 48. Kd3 {[%emt 0:00:10]} Na5 {[%emt 0:00:32]} 49. Nd6 {[%emt 0:00:09]} Nc6 {[%emt 0:00:10]} 50. Nxf7 {[%emt 0:00:06]} Kxa6 {[%emt 0:00:01]} 51. g5 {[%emt 0:00:15]} h5 {[%emt 0:00:34]} 52. Ke4 {[%emt 0:00:35]} Kb6 {[%emt 0:00:01]} 53. d5 {[%emt 0:00:01]} exd5+ {[%emt 0:00:00]} 54. Kxd5 {[%emt 0:00:01]} Kc7 {[%emt 0:00:01]} 55. Ne5 {[%emt 0:00:12]} Nb4+ {[%emt 0:00:17]} 56. Ke6 {[%emt 0:00:03]} Nc2 {[%emt 0:00:01]} 57. Kf7 {[%emt 0:00:26]} Ne3 {[%emt 0:00:01]} 58. Kxg7 {[%emt 0:00:16]} Nxg2 {[%emt 0:00:02]} 59. Kh6 {[%emt 0:00:07]} Nf4 {[%emt 0:00:08]} 60. Nd3 {[%emt 0:00:18]} Nd5 {[%emt 0:00:05]} 61. Kxh5 {[%emt 0:00:08]} Kd7 {[%emt 0:00:01]} 62. g6 {[%emt 0:00:07]} Ne7 {[%emt 0:00:05]} 63. g7 {[%emt 0:00:03]} Ke6 {[%emt 0:00:01]} 64. Nf4+ {[%emt 0:00:26]} Kf7 {[%emt 0:00:02]} 65. Ng6 {[%emt 0:00:01]} Nxg6 {[%emt 0:00:07]} 66. g8=Q+ {[%emt 0:00:01]} Kxg8 {[%emt 0:00:01] (Lag: Av=0.89s, max=2.7s)} 1/2-1/2

[Event "GrandMasters Battle Tournament"]
[Site "Mustafa Kemal Atatürk"]
[Date "2020.06.27"]
[Round "8"]
[White "Choppers"]
[Black "Jitanu"]
[Result "1-0"]
[WhiteElo "1887"]
[BlackElo "1893"]
[Annotator "NA RC"]
[PlyCount "57"]
[EventDate "2020.06.27"]
[EventType "swiss (rapid)"]

1. d4 {[%emt 0:00:01]} d5 {[%emt 0:00:03]} 2. c4 {[%emt 0:00:01]} e6 {[%emt 0:00:01]} 3. Nc3 {[%emt 0:00:02]} c5 {[%emt 0:00:12]} 4. cxd5 {[%emt 0:00:09]} cxd4 {[%emt 0:00:01]} 5. Qa4+ {[%emt 0:00:07]} Bd7 {[%emt 0:00:02]} 6. Qxd4 {[%emt 0:00:01]} exd5 {[%emt 0:00:00]} 7. Qxd5 {[%emt 0:00:02]} Nc6 {[%emt 0:00:01]} 8. Nf3 {[%emt 0:00:04]} Nf6 {[%emt 0:00:02]} 9. Qd1 {[%emt 0:00:01]} Bc5 {[%emt 0:00:04]} 10. a3 {[%emt 0:01:11]} Qe7 {[%emt 0:01:50]} 11. Bg5 {[%emt 0:00:24]} O-O-O {[%emt 0:02:40]} 12. e3 {[%emt 0:00:05]} Bf5 {[%emt 0:01:24]} 13. Qb3 {[%emt 0:01:16]} h6 {[%emt 0:00:47]} 14. Bxf6 {[%emt 0:00:02]} gxf6 {[%emt 0:00:09]} 15. Be2 {[%emt 0:01:44]} Bxe3 {[%emt 0:03:03]} 16. fxe3 {[%emt 0:01:41]} Qxe3 {[%emt 0:00:03]} 17. Rf1 {[%emt 0:01:15]} Ne5 {[%emt 0:00:29]} 18. Nxe5 {[%emt 0:00:16]} Qd2+ {[%emt 0:00:05]} 19. Kf2 {[%emt 0:00:01]} Qd4+ {[%emt 0:00:01]} 20. Kf3 {[%emt 0:00:01]} fxe5 {[%emt 0:03:55]} 21. Qc4+ {[%emt 0:00:03]} Kb8 {[%emt 0:00:00]} 22. Qxd4 {[%emt 0:00:48]} exd4 {[%emt 0:00:00]} 23. Ne4 {[%emt 0:04:01]} d3 {[%emt 0:01:24]} 24. Bd1 {[%emt 0:00:01]} d2 {[%emt 0:00:01]} 25. Bc2 {[%emt 0:02:10]} Rhe8 {[%emt 0:01:29]} 26. Rad1 {[%emt 0:01:09]} Rd4 {[%emt 0:00:17]} 27. Ke3 {[%emt 0:00:03]} Rd5 {[%emt 0:00:55]} 28. Rf4 {[%emt 0:00:43]} Bg6 {[%emt 0:00:20]} 29. Rxd2 {[%emt 0:00:29] Time (Lag: Av=0.77s, max=0.9s)} 1-0

[Event "GrandMasters Battle Tournament"]
[Site "Mustafa Kemal Atatürk"]
[Date "2020.06.28"]
[Round "9"]
[White "Jitanu"]
[Black "Choppers"]
[Result "1/2-1/2"]
[WhiteElo "1838"]
[BlackElo "1928"]
[Annotator "TA"]
[PlyCount "72"]
[EventDate "2020.06.28"]
[EventType "swiss (rapid)"]

{[%evp 16,72,14,0,0,-4,0,-5,-6,-10,-3,-12,0,0,0,-10,-5,-10,-12,-12,10,12,13,1,13,13,12,9,17,10,9,12,10,5,12,3,5,0,9,9,9,9,9,9,9,6,6,0,0,0,18,18,18,0,18,0,18,0,18]} 1. d4 Nf6 2. c4 e6 3. Nc3 Bb4 4. e3 O-O 5. Nge2 d5 6. a3 Bd6 7. Ng3 c5 8. dxc5 Bxc5 9. b4 {The position is equal.} Be7 {E46: Nimzo-Indian: Rubinstein: 4 e3 0-0 5 Ne2 without early Bd3.} 10. Bb2 dxc4 11. Bxc4 Qxd1+ 12. Rxd1 Nbd7 13. Nce4 Nxe4 14. Nxe4 Nb6 15. Bb3 Bd7 {[#]} 16. Nc5 $146 ({Predecessor:} 16. Bd4 Bc6 17. Nc3 Rfc8 18. O-O Be8 19. Rc1 Nc4 20. Nb1 b5 21. Bc3 Rc7 22. Rfd1 {0-1 (91) Rahul,S (2375)-Matsenko,S (2550) Dallas 2017}) 16... Bc6 17. O-O Rfd8 18. Rxd8+ Rxd8 19. Bd4 Nd7 20. Nxd7 Bxd7 21. Rc1 a6 22. Bb6 Rc8 23. Rxc8+ Bxc8 $11 {[%mdl 4096] Endgame KBB-KBB} 24. e4 Bd6 25. f3 Bd7 26. g3 Kf8 27. Kf2 Ke7 28. Ke3 Bc6 29. f4 f6 30. h4 Kd7 31. g4 h6 32. f5 e5 33. Be6+ Ke7 34. Bb3 Kd7 35. Be6+ Ke7 36. Bb3 Kd7 {A rather calm draw. Accuracy: White = 100%, Black = 100%.} 1/2-1/2